000 00591nam a22002057a 4500
005 20251108164304.0
008 250721s1989 xx 000 0 ara d
082 1 4 _a219.9/جدع
100 1 _aالجدع، أحمد
245 1 0 _aنساء حول الرسول /
264 1 _aعمان :
_bدار الضياء للنشر والتوزيع،
_c1989.
300 _a127ص.
650 1 7 _aالسيرة النبوية
650 1 7 _aالصحابة و التابعون
650 1 7 _aآل البيت
650 1 7 _aالمرأة
650 1 7 _aالتراجم
942 _2ddc
_cBK
999 _c8464
_d8464